Affinity chromatography: A practical approach

में बचाया:
ग्रंथसूची विवरण
स्वरूप: पुस्तक
भाषा:Undetermined
प्रकाशित: Oxford 1985
विषय:
टैग : टैग जोड़ें
कोई टैग नहीं, इस रिकॉर्ड को टैग करने वाले पहले व्यक्ति बनें!
Thư viện lưu trữ: Trung tâm Học liệu Trường Đại học Cần Thơ
LEADER 00376nam a2200133Ia 4500
001 CTU_3072
008 210402s9999 xx 000 0 und d
082 |a 543.0892 
082 |b A256 
245 0 |a Affinity chromatography: A practical approach 
260 |a Oxford 
260 |c 1985 
650 |a chromatographic analysis 
980 |a Trung tâm Học liệu Trường Đại học Cần Thơ